000 01006nam a2200253Ia 4500
008 191130s2009##################000#0#eng##
020 _a9780393732818
022 _a2009004504
040 _aACL
_cACL
082 _a759.13 WEI
245 _aEdwin Howland Blashfield : master American muralist
_cedited by Mina Rieur Weiner ; contributors, Anne E. Samuel, Gillian Britta Randell, Jeff Greene ; principal photography by Anne Day
250 _a1st ed
260 _aNew York
_bW. W. Norton & Company
_cc2009
300 _a160 p. : ill. (chiefly col.) ; 31 cm
500 _aIncludes bibliographical references (147-151) and index
650 _aBlashfield, Edwin Howland, 1848-1936 - Criticism and interpretation
650 _aMural painting and decoration, American - 19th century
650 _aMural painting and decoration, American - 20th century
700 _aDay, Anne
700 _aWeiner, Mina Rieur
990 _a96303418ac10000c0cbceb417dc09ed4
991 _a332465
999 _c157322
_d157322